|
|
|
|
| LEADER |
00736nab a2200205 i 4500 |
| 001 |
acta63139 |
| 005 |
20251217125741.0 |
| 008 |
200130s2008 hu o 000 rus d |
| 022 |
|
|
|a 1586-0736
|
| 040 |
|
|
|a SZTE Egyetemi Kiadványok Repozitórium
|b hun
|
| 041 |
|
|
|a rus
|
| 100 |
1 |
|
|a Petkâvičûs Ričardas
|
| 245 |
1 |
0 |
|a K etimologii slov
|h [elektronikus dokumentum] :
|b litovskoe "lángas" "okno" i venherskoe "láng" "plamâ" /
|c Petkâvičûs Ričardas
|
| 260 |
|
|
|c 2008
|
| 300 |
|
|
|a 171-174
|
| 490 |
0 |
|
|a Hungaro-Ruthenica
|v 4
|
| 650 |
|
4 |
|a Bölcsészettudományok
|
| 650 |
|
4 |
|a Nyelvek és irodalom
|
| 695 |
|
|
|a Etimológia, Nyelvészet
|
| 856 |
4 |
0 |
|u http://acta.bibl.u-szeged.hu/63139/1/hungaro_ruthenica_004_171-174.pdf
|z Dokumentum-elérés
|